000 00681nam a2200217 a 4500
001 000022694
005 20200930021737.0
008 101115s1924 sp a r 001 0 spa d
040 _aDO-SdBNP
_bspa
_cBNPHU
082 _axxxx
_bC131h
100 1 _aCagny, Pablo
_946662
245 1 0 _aHigiene y enfermedades del ganado /
_cPablo Cagny , Raoul Gouin.
250 _a2a ed.
260 _aBarcelona :
_bSalvat Editores,
_c1924.
300 _a574 p. :
_bil. ;
_c18 cm.
490 _aEnciclopedia agrícola
500 _aIncluye índice alfabético.
504 _aIncluye referencias bibliográficas y notas al pie de las páginas.
700 1 _aGouin, Raoul
_946663
049 _aBNGR
999 _c22191
_d22191